Coming together/coming apart : (Record no. 23413)

MARC details
000 -LEADER
fixed length control field 00510cam a2200169 a 4500
020 ## - INTERNATIONAL STANDARD BOOK NUMBER
ISBN 041591261X (acidfree paper)
020 ## - INTERNATIONAL STANDARD BOOK NUMBER
ISBN 0415912628 (pbk. : acidfree paper)
082 00 - DEWEY DECIMAL CLASSIFICATION NUMBER
Classification number 277.3/082
Author Cutter BOU
100 1# - MAIN ENTRY--AUTHOR NAME
Author name Bounds, Elizabeth M.,
245 10 - TITLE STATEMENT
Title Coming together/coming apart :
260 ## - PUBLICATION, DISTRIBUTION, ETC. (IMPRINT)
Place of publication New York :
Name of publisher Routledge,
Year of publication 1997.
300 ## - PHYSICAL DESCRIPTION
Number of Pages 184 p. ;
650 #0 - SUBJECT ADDED ENTRY--TOPICAL TERM
Topical Term Liberalism (Religion)
650 #0 - SUBJECT ADDED ENTRY--TOPICAL TERM
Topical Term Liberalism (Religion)
856 42 - ELECTRONIC LOCATION AND ACCESS
Uniform Resource Identifier http://www.loc.gov/catdir/enhancements/fy0651/95026368-d.html
942 ## - ADDED ENTRY ELEMENTS (KOHA)
Koha item type Books
Holdings
Home library Current library Shelving location Date acquired Source of acquisition Cost, normal purchase price Full call number Accession Number Koha item type
Henry Martyn Institute Library Henry Martyn Institute Library General stacks 03/05/2024 Kohinoor Book Distributor 3609.00 277.3082 BOU 25894 Books
                   Copyright © 2026 | Henry Martyn Institute | Hyderabad | TS-500052 | INDIA | Implemented by hmi.edu.in
Hit-Count:

Powered by Koha